00524 a2200157 4500008004100000010001400041020002600055035001300081037001800094082001100112100002100123245009800144260004600242300002800288500005000316100714t xxu||||| |||| 00| 0 eng d aENG-88972 c695.00a9780195691900 aEN-72505 bD.B.Act / Pub a338.14 aDev, S. Mahendra aInclusive growth in India :cby S. Mahendra Devbagriculture, poverty and human development / aNew DelhibOxford University Pressc2008 axxv, 399p.c22 cm ( Hb) aIncludes bibliographical references and index